000 00954cam a2200325 4500
001 ABS61521
008 000000n1999 000 0 eng u
035 _a(Sirsi) u102952
245 _aRegional survey: north-east
260 _c1999
490 _aProperty Week
_v64(46) 26 November 1999, 68-84(7)
590 _aABS
650 _aGATESHEAD
650 _aTYNESIDE
650 _aENTERPRISE ZONES
650 _aNEWCASTLE
650 _aOFFICE RENTS
650 _aPROPERTY-COMMERCIAL PROPERTY-OFFICE PROPERTY-OFFICE PROPERTY MARKET
650 _aOCCUPIERS REQUIREMENTS
650 _aINDUSTRIAL MARKET
650 _aINDUSTRIAL RENTS
650 _aRETAIL RENTS
650 _aPROPERTY-COMMERCIAL PROPERTY-RETAIL PROPERTY-RETAIL PROPERTY MARKET
650 _aTEESSIDE
650 _aPLANNING PERMISSION
650 _aSUNDERLAND
650 _aREDCAR
690 _aPROPERTY-COMMERCIAL PROPERTY-COMMERCIAL PROPERTY MARKET
942 _n0
999 _c61855
_d61855